000 00348nam a2200145 4500
001 202421
090 _a202421
100 _a20260602d u||y0pory50 ba
200 _aSteel Wheels (CD áudio)
_fRolling Stones
215 _c1 cd áudio
610 _amusica rock
675 _a78
710 _917440
_aStones
_bRolling
801 _aPT
_bBMMN
_gRPC
990 _cCD MUSICA